Time for kids : (Record no. 283331)
[ view plain ]
| 000 -LEADER | |
|---|---|
| fixed length control field | 00397nam a2200133Ia 4500 |
| 008 - FIXED-LENGTH DATA ELEMENTS--GENERAL INFORMATION | |
| fixed length control field | 150223s9999 xx 000 0 und d |
| 020 ## - INTERNATIONAL STANDARD BOOK NUMBER | |
| International Standard Book Number | 9781603209526 |
| 050 ## - LIBRARY OF CONGRESS CALL NUMBER | |
| Classification number | AY 81.J8 |
| Item number | .T482M 2014 |
| 100 ## - MAIN ENTRY--PERSONAL NAME | |
| Personal name | Time. |
| 245 ## - TITLE STATEMENT | |
| Title | Time for kids : |
| Remainder of title | almanac 2014 / |
| 260 ## - PUBLICATION, DISTRIBUTION, ETC. (IMPRINT) | |
| Place of publication, distribution, etc | New York : |
| Name of publisher, distributor, etc | Time for kids Books, |
| Date of publication, distribution, etc | 2013 |
| 300 ## - PHYSICAL DESCRIPTION | |
| Extent | 256 pages : |
| Other physical details | Colored, Illustration ; |
| Dimensions | 23 cm. |
| 504 ## - BIBLIOGRAPHY, ETC. NOTE | |
| Bibliography, etc | Includes Index. |
No items available.